[Event "Dortmund SuperGM"]
[Site "Dortmund"]
[Date "2001.07.16"]
[Round "5"]
[White "Morozevich, Alexander"]
[Black "Adams, Michael"]
[Result "1-0"]
[WhiteElo "2749"]
[BlackElo "2744"]
[Annotator "Ribli,Z"]
[PlyCount "95"]
[EventDate "2001.07.12"]
[EventType "tourn"]
[EventRounds "10"]
[EventCountry "GER"]
[EventCategory "21"]
[SourceTitle "CBM 085"]
[Source "ChessBase"]
[SourceDate "2001.11.13"]
[SourceVersion "1"]
[SourceVersionDate "2001.11.13"]
[SourceQuality "1"]

1. c4 Nf6 2. Nc3 e5 3. Nf3 Nc6 4. e4 {Dieser Zug ist auf den ersten Blick
nicht logisch, denn er schwächt das Feld d4, andererseits aber verstärkt er
die Kontrolle über das Feld d5.} Bb4 (4... Bc5 5. Nxe5 Nxe5 6. d4 Bb4 7. dxe5
Nxe4) 5. d3 d6 6. Be2 {Dieser Entwicklungszug wird selten gespielt -
verbreiteter ist die Alternative 6.g3.} (6. g3) 6... h6 {Diese Fortsetzung
richtet sich gegen die mögliche Fesslung Bc1-g5. Ich bin mir keineswegs sicher,
ob dies die beste Wahl für Schwarz ist.} (6... Bg4 7. O-O h6 8. Nh4 Be6 9. Nf5
Bxf5 10. exf5 Qd7 11. Bf3 O-O 12. g4 Bxc3 13. bxc3 Rfe8 14. Bg2 e4 15. Rb1 Rab8
{0-1 Hertneck,G-Kindermann,S/Garmisch 1994/CBM 43 ext (51)}) (6... a6 7. O-O
Bc5 8. Be3 Nd4 9. b4 Ba7 10. Nd5 Nxd5 11. cxd5 O-O 12. Nxd4 exd4 13. Bf4 $14 {
0-1 Milov,V-Kortschnoj,V/Dresden 1998/CBM 65/[Kortschnoj] (36)}) (6... O-O 7.
O-O (7. Bg5) 7... Bxc3 8. bxc3 h6 9. Ne1 a6 10. a4 Nd7 11. f4 exf4 12. Bxf4 Nc5
13. Nc2 f5 14. exf5 Bxf5 {1/2-1/2 Ye Rongguang-Sokolov,I/Antwerpen op 1996 (28)
}) 7. O-O Bc5 $146 {[%csl Yd4]} (7... O-O 8. Nd5 Bc5 9. Rb1 a5 10. a3 Nxd5 11.
cxd5 Nd4 12. Nxd4 Bxd4 13. Be3 Bxe3 14. fxe3 c6 15. dxc6 bxc6 16. Kh1 Be6 17.
d4 Qb6 {1/2-1/2 Nei,I-Gipslis,A/Tallinn 1975/MCD (40)}) 8. Nd2 {[%cal Gd2b3]
[%mdl 32] Weiß bereitet 9.Nb3 vor und möchte anschließend f2-f4 ziehen.} Nd4 9.
Nb3 Nxb3 10. axb3 O-O 11. Kh1 c6 12. f4 $11 {Weiß hat Raumvorteil und
Initiative am Königsflügel, aber die schwarze Stellung ist solide, ohne
Schwachstellen.} Bd4 $6 {Schwarz möchte d6-d5 ziehen und verteidigt den Pe5.
Da d6-d5 tatsächlich aber nicht realisierbar ist, hätte sich Schwarz diesen
Läuferzug besser sparen sollen.} (12... a6 $5) 13. Bf3 a6 (13... Qb6 14. Bd2
Be3 $2 15. Na4 Qd4 16. Bc3 $18) 14. h3 Qe7 15. Ne2 $6 (15. Bd2) (15. Qe1 Nd7
16. b4 (16. Qg3 Nc5 17. f5 Kh7) 16... exf4 17. Ne2 Bf6 18. d4 (18. Nxf4 Ne5 19.
Be2) 18... g5 19. c5 Bg7 $13) 15... Ba7 16. Bd2 $2 (16. Ng3 d5 17. exd5 exf4
18. Bxf4 cxd5 19. cxd5 Bb8 20. Bxb8 Rxb8 $11) 16... b5 $2 (16... Ng4 $1 17.
Bxg4 Bxg4 18. Qe1 (18. hxg4 Qh4#) (18. f5 Qh4 19. Qe1 Qxe1 20. Raxe1 Bxe2 21.
Rxe2 f6 $11) 18... Bxe2 19. Qxe2 exf4 20. Rae1 Rae8 21. Qg4 $11) 17. Ng3 Rb8
18. Nf5 (18. b4 Bd4 19. Ne2 bxc4 20. dxc4 Bxb2 21. Rb1 Bd4 22. Nxd4 exd4 23.
Re1 c5 24. e5 $36) 18... Bxf5 (18... Qc7 $5) 19. exf5 $14 {[%csl Gf3][%cal
Gf3c6] Weiß hat zwei Doppelbauern, aber sein Bf3 ist stark und Schwarz hat
einige Schwähen am Damenflügel.} bxc4 (19... Qb7 20. g4 $40 (20. Bb4)) 20. bxc4
(20. fxe5 dxe5 21. bxc4 Rxb2 22. Rxa6 (22. Bc3 Rb6 23. Re1 Bb8) 22... Qb7 $11)
(20. dxc4 $2 e4 21. Be2 d5 $17) 20... Bd4 (20... Rxb2 21. Bc3 Rb6 $6 22. c5
dxc5 23. fxe5 $36) 21. Rxa6 (21. fxe5 dxe5 (21... Qxe5 22. Rxa6 (22. Bxc6 Rxb2
23. Rxa6 Rxd2 24. Qxd2 Nh5 25. Rf3 Ng3+ 26. Rxg3 Qxg3 $11) 22... c5 $5)) 21...
Qb7 $3 (21... Rxb2 22. Rxc6 Rfb8 $14) 22. Ra2 (22. Rxc6 $4 e4 23. Rxd6 (23.
dxe4 Qxc6 24. e5 Qxc4 $17 (24... Ne4 25. Qe1 $17)) 23... exf3 24. Qxf3 Qxb2 $17
) (22. Qa4 Qxb2 23. Rd1) 22... Qb3 $6 (22... Bxb2 $1 23. g4 Rfe8 $1 (23... exf4
24. Bxf4 Be5 25. Bxe5 (25. g5 $36) 25... dxe5 26. Rg2 $36) 24. g5 (24. Qb1 d5
25. fxe5 Bxe5 26. Qxb7 Rxb7 27. h4 Rb3 (27... h5 28. g5 Ng4 29. cxd5) 28. g5
hxg5 29. hxg5 $14) (24. Qc2 $5 Qb3 (24... e4 25. dxe4 Qb3 26. Qxb3 Rxb3 27. e5
dxe5 28. g5 e4 29. Bd1 Rbb8 30. gxf6 e3 31. Ba5 e2 32. Bxe2 Rxe2 33. Bc3 Rc2
34. Bxb2 Rbxb2 35. Rxb2 Rxb2 36. Rg1 $16) (24... Bd4 25. g5 hxg5 26. fxg5 Nd7
27. g6 (27. f6 g6 28. h4 d5 29. h5 Nf8) 27... fxg6 28. fxg6 Nc5 $13) 25. Qxb3
Rxb3 26. Bxc6 Rc8 27. Ba4 $16) 24... e4 25. dxe4 Nxe4 26. Kg2 d5 $13) 23. Qxb3
Rxb3 24. fxe5 dxe5 (24... Bxe5 $6 25. Bxc6 Rxd3 (25... Nh5 26. Be1 Rfb8 27. Ra7
) 26. b4 Nh5 27. Be1 Rd1 28. g4 Ng3+ 29. Bxg3 Rxf1+ 30. Kg2 $16 {[%csl Gb4,Gc4,
Gc6]}) 25. Bxc6 {[%mdl 1024] Weiß hat zwei Mehrbauern, aber die Realisierung
des Materialvorteils ist angesichts des guten schwarzen Figurenspiels gar
nicht leicht.} Rc8 (25... Nh5 26. Kh2 Rfb8) 26. Bf3 Rxd3 27. b4 Bc3 (27... Rxc4
28. Be2 Rxd2 29. Bxc4 (29. Rxd2 Rxb4 $11) 29... Rxa2 30. Bxa2 Ne4 31. Rc1 $18)
(27... Rb3 28. Rc1 e4 29. Bd1 $18 {[%csl Rb3]}) (27... e4 28. Be2 Rb3 29. Rd1
$16) 28. Bxc3 Rxc3 29. Be2 $16 {[%csl Gb4,Gc4] Weiß hat einen Mehrbauern.
Seine verbundenen Freibauern am Damenflügel sind besonders stark.} (29. c5 $6
e4 30. Be2 Rb8 $132) 29... Rb3 $6 (29... Ne4 $142 $5 30. Kh2 Rb3 (30... Ng3 31.
Rb1 Nxe2 32. Rxe2 R3xc4 33. Rxe5 Rc1 34. Rxc1 (34. Re1 $1 Rxe1 35. Rxe1 Rb8 36.
Rb1 Rb5 37. g4 $16) 34... Rxc1 $16) 31. b5 Nc3 32. Rf3 e4 33. Rg3 Nxa2 34. Rxb3
Nc1 35. Rb2 Nxe2 36. Rxe2 Rxc4 37. Rb2 e3 38. Kg3 (38. b6 e2 39. Rxe2 Rb4 40.
Re8+ Kh7 41. Rb8 $16) 38... Re4 39. Kf3 e2 (39... Re5 40. Ke2 Rxf5 41. Kxe3 $18
{[%csl Gb2,Gb5][%cal Rb5b6,Rb6b7,Rb7b8]}) 40. Rxe2 Rb4 41. Re8+ Kh7 42. Rb8 $16
) 30. b5 Ne4 31. Rf3 (31. Rfa1 Ng3+ 32. Kh2 Nxe2 33. Rxe2 Rxc4 34. Rxe5 Rc2 $16
) 31... Rb1+ (31... Ng3+ 32. Kh2 Nxe2 33. Rxb3 Nc1 34. b6 $1 Rb8 (34... Nxa2
35. c5 $3 $18 {[%csl Ra2,Gb6,Gc5]}) 35. Raa3 (35. b7 Nxa2 36. c5 Nc3 37. c6 Nd5
38. Rd3 Nc7 (38... Ne7 39. Rd8+ $1 Rxd8 40. c7 $18) 39. Rd7 $18) 35... Nxb3 36.
Rxb3 Kf8 37. c5 Ke7 38. c6 $18) 32. Kh2 Nd6 33. Rfa3 (33. Rd3 Nxf5 34. Rda3 g6
(34... e4 35. Bg4 Rc5 36. Ra8+ Kh7 37. Rc8 Re5 $16) 35. Bd3 Rb4 $16) 33... Kh7
(33... Nxc4 $2 34. Ra8 Nb6 35. Rxc8+ Nxc8 36. Ra8 Rc1 37. b6 $18) (33... Kf8
34. Ra8 Rxa8 35. Rxa8+ Ke7) 34. Ra8 Rxa8 35. Rxa8 Rb2 36. Bf1 $2 $138 (36. c5
$1 Nxb5 37. Bd3 Nd4 38. f6+ g6 39. Rf8 Rb7 40. Bc4 $18) (36. Bh5 $1 Nxf5 (36...
e4 37. c5 Nxf5 38. b6 g6 39. Bg4 $18) 37. Bxf7 Ne3 38. Kg3) (36. Ra6 Nxf5 (
36... Nxb5 $2 37. Bh5 $1 (37. cxb5 Rxe2 $11) 37... Nc7 38. Rc6 Ne8 39. Bxf7 $18
) 37. Bd3 g6 38. c5 e4 39. Bxe4 Rxb5 $14) 36... e4 $1 (36... Rb1 37. Rd8 Nb7
38. Bd3 $1 $18) (36... Nxf5 37. Bd3 g6 38. c5 Ne3 39. Kg3 Rb3 (39... Nxg2 40.
c6 $18) 40. b6 $18) 37. c5 (37. b6 Nxf5 38. c5 Ne3 $13) 37... Nxb5 $1 (37...
Nxf5 38. c6 Ne3 39. c7 $18) 38. Rb8 e3 39. Bc4 (39. Rxb5 e2 40. Bxe2 Rxe2 41.
Kg3 Rc2 $16) 39... e2 40. Bxf7 g5 $2 {Der letzte Zug in Zeitnot ist ein Fehler
- 40...g6 wäe besser gewesen. In diesem Fall behielte der schwarze König mehr
Raum.} (40... g6 $1 41. Bxg6+ (41. f6 e1=Q 42. Bg8+ Kh8 43. Bf7+ Kh7 $11) 41...
Kg7 42. Rb7+ (42. Re8 Nd4 43. Bh5 Kf6 44. Kg3 Rc2 $11) 42... Kf6 43. Rf7+ Kg5
44. Re7 Nd4 45. Kg3 Rb1 $17) 41. Bg6+ $1 (41. fxg6+ Kg7 42. Rg8+ Kf6 43. Re8
Nd4 44. g7 e1=Q (44... Kxg7 45. Bh5 $16) 45. Rxe1 Kxf7 $11) 41... Kg7 42. Rb7+
Kf6 43. Rf7+ Ke5 44. Re7+ Kd5 (44... Kf6 45. Re6+ Kg7 46. Bh5 $18 {[%csl Rg7]
Und der schwarze König befindet sich im Mattnetz.}) 45. f6 Nd4 46. Bh5 $1 {
[%cal Gh5e2,Gh5f3,Gf3d5] Diese Fortsetzung führt zu einfachem Gewinn. Die
Alternative gewinnt auch.} (46. f7 Nf3+ (46... Rb8 47. Kg3 Rf8 48. Kf2 Ne6 49.
Re8 $18) 47. Kh1 (47. Kg3 $2 e1=Q+ 48. Rxe1 Nxe1 49. Kg4 Rb4+ 50. Kg3 Rf4 $19)
47... Ne5 48. f8=Q (48. Rxe5+ $2 Kxe5 49. f8=Q e1=Q+ 50. Kh2 Qd2) 48... e1=Q+
49. Kh2 Rxg2+ (49... Ng4+ 50. hxg4 Qh4+ 51. Kg1 $18) 50. Kxg2 Qe2+ 51. Qf2
Qxf2+ 52. Kxf2 Nxg6 53. Rh7 Nf4 54. Rxh6 $18) 46... Rb1 $2 (46... Rb8 47. f7
Rf8 48. Re8 g4 49. Kg3 $18) (46... g4 $5 47. Bxg4 $1 (47. Kg3 $4 Rb3+ 48. Kf4
Ne6+ 49. Rxe6 Rf3+ $1 (49... Kxe6 $2 50. Bxg4+ Kxf6 51. Bxe2 $11) 50. gxf3 Kxe6
$19) (47. f7 $2 Ne6 48. Rxe6 Kxe6 49. f8=Q g3+ 50. Kxg3 e1=Q+ 51. Kh2 Qe5+ $19)
47... e1=Q 48. Rxe1 Rf2 49. c6 Kxc6 50. Rd1 Kc5 51. Bf3 Nxf3+ 52. Kg3 $18) 47.
f7 $18 {[%csl Gf7]} Rf1 48. Rxe2 (48. Rxe2 Nxe2 49. Bf3+ $18) 1-0

[Event "Hoogovens-B"]
[Site "Wijk aan Zee"]
[Date "1992.01.??"]
[Round "10"]
[White "Cifuentes Parada, Roberto"]
[Black "De Boer, Gert Jan"]
[Result "1-0"]
[WhiteElo "2540"]
[BlackElo "2425"]
[Annotator "Ribli,Z"]
[PlyCount "93"]
[EventDate "1992.01.??"]
[EventType "tourn"]
[EventRounds "11"]
[EventCountry "NED"]
[EventCategory "10"]
[SourceTitle "CBM 028"]
[Source "ChessBase"]
[SourceDate "1992.06.01"]
[SourceVersion "1"]
[SourceVersionDate "1992.06.01"]
[SourceQuality "1"]

1. c4 e5 2. Nc3 Nf6 3. Nf3 Nc6 4. e4 Bb4 5. d3 d6 6. g3 Bc5 (6... a6 7. Bg2 b5
8. cxb5 axb5 9. O-O Bxc3 10. bxc3 Bd7 11. Nh4 O-O 12. f4 h6 13. fxe5 $6 dxe5
$10 {Christiansen,L-Sokolov,I Groningen 1991 CBM/27  53/34}) (6... O-O 7. Bg2
Bg4 $6 8. h3 Bxf3 9. Bxf3 Nd4 10. Bg2 a5 11. O-O Bc5 12. Rb1 c6 13. a3 $14 {
Ehlvest,J-Adams,M Terrassa 1991 CBM/24  52/35}) 7. Bg2 Nd4 8. Nxd4 Bxd4 9. O-O
$5 (9. h3 Be6 10. f4 a6 11. Qf3 h6 12. Ne2 Bc5 13. Bd2 Qe7 14. Bc3 Bd7 15. b4
Ba7 16. a4 Nh7 $13 {Gulko,B-Karpov,An Reykjavik WCup 1991 CBM/26}) 9... Bg4 10.
Qb3 $5 (10. Ne2 Qc8 $13 {Karpov}) 10... Qc8 11. Be3 Bxe3 12. fxe3 h5 13. c5
dxc5 14. Nd5 $1 Nd7 15. Ne7 Be6 $1 16. Nxc8 Bxb3 17. axb3 a6 18. Bh3 f6 19. d4
cxd4 20. exd4 Rxc8 21. dxe5 fxe5 22. Rad1 (22. Ra5 $5) 22... Rd8 23. Rd5 c6 24.
Rd6 Nf6 25. Re6+ Kf7 26. Rxe5 Rde8 (26... Rhe8 $5 27. Rxh5 Rxe4 $15) 27. Rg5
Rxe4 28. Bf5 Re3 29. Bg6+ Ke7 30. b4 h4 (30... Rd8 $5) 31. Bb1 Ne8 32. g4 Rf8
33. Bf5 Rf6 34. Bc8 $1 Nd6 $6 (34... Re2 35. Bxb7 Rxf1+ 36. Kxf1 Rxh2 37. Bxc6
Rxb2 $10) 35. Rxg7+ Nf7 36. Rd1 Re2 37. Bf5 Kf8 38. Rh7 Kg8 39. Rxh4 Ng5 40.
Rd8+ Kg7 41. Rhh8 Rxb2 42. Rdg8+ Kf7 43. Rxg5 Rd6 44. Rh7+ Kf8 45. Rd7 Rxd7 46.
Bxd7 Rxb4 47. h4 1-0

[Event "Hoogovens"]
[Site "Wijk aan Zee"]
[Date "1992.01.??"]
[Round "12"]
[White "Seirawan, Yasser"]
[Black "Brenninkmeijer, Joris"]
[Result "0-1"]
[WhiteElo "2600"]
[BlackElo "2500"]
[Annotator "Ribli,Z"]
[PlyCount "96"]
[EventDate "1992.01.??"]
[EventType "tourn"]
[EventRounds "13"]
[EventCountry "NED"]
[EventCategory "14"]
[SourceTitle "CBM 028"]
[Source "ChessBase"]
[SourceDate "1992.06.01"]
[SourceVersion "1"]
[SourceVersionDate "1992.06.01"]
[SourceQuality "1"]

1. c4 Nf6 2. Nc3 e5 3. Nf3 Nc6 4. e3 Bb4 5. Nd5 e4 6. Ng1 O-O 7. a3 Bd6 8. Qc2
Re8 9. Ne2 Be5 $6 (9... Nxd5 $2 10. cxd5 Nb8 11. Ng3 Qh4 12. d3 Bxg3 13. fxg3
Qg5 14. dxe4 c6 15. Bd3 $16 {Panno-Rocha Sao Paulo 1979 27/51}) (9... b6 $5 10.
Nec3 Bb7 11. b4 a5 12. b5 Ne5 13. Bb2 Nxd5 14. cxd5 f5 $13 {Miles,A-Kindermann,
S Bath 1983 36/32}) 10. Ng3 Bxg3 $6 (10... d6 $5 11. Nxf6+ Qxf6 12. Nxe4 Qg6
$44) 11. hxg3 d6 12. b3 (12. Be2 $5) (12. Rh4 $5 Nxd5 13. cxd5 Ne5 14. d3 f5
15. Bd2 Ng6 16. Rh5 Bd7 17. Bc3 c5 18. dxc6 bxc6 19. O-O-O $16 {Miles,
A-Kindermann,S Biel 1983 36/31}) 12... Ne5 13. Bb2 Nxd5 14. cxd5 Bf5 15. f3 Bg6
16. f4 $1 Nd3+ 17. Bxd3 exd3 18. Qc3 $14 f6 19. g4 Qe7 20. Kf2 Be4 21. Rh5 c5
22. g5 $2 (22. Rah1 $1 Rf8 23. R1h3 $14 {Brenninkmeijer}) 22... Rf8 $1 23. gxf6
Rxf6 24. g4 $6 (24. Rah1 $5) 24... Raf8 25. Kg3 Rg6 26. Rg1 Rf5 $1 27. Rh4 Rxd5
28. Qc1 h5 29. Qd1 Bf5 $19 30. Qe1 Bxg4 31. Kh2 Rf5 32. Qf2 Rh6 33. Qg3 Qf7 34.
Kg2 Qd5+ 35. Kf2 Rg6 36. b4 Qe4 37. Bc3 b6 38. Ke1 d5 39. Be5 d4 40. bxc5 bxc5
41. Qg2 Qxg2 42. Rxg2 Re6 43. Rgh2 Rexe5 $1 44. fxe5 Rxe5 45. Rf2 c4 46. Rf4 c3
47. Rxd4 c2 48. Rc4 Rb5 0-1

[Event "New York CITS"]
[Site "New York"]
[Date "1996.??.??"]
[Round "9"]
[White "Ashley, Maurice"]
[Black "Waitzkin, Joshua"]
[Result "1-0"]
[WhiteElo "2460"]
[BlackElo "2435"]
[Annotator "Ribli,Z"]
[PlyCount "107"]
[EventDate "1996.03.??"]
[EventType "tourn"]
[EventRounds "11"]
[EventCountry "USA"]
[EventCategory "13"]
[SourceTitle "CBM 052"]
[Source "ChessBase"]
[SourceDate "1996.06.01"]
[SourceVersion "1"]
[SourceVersionDate "1996.06.01"]
[SourceQuality "1"]

1. c4 e5 2. Nc3 Nc6 3. Nf3 Nf6 4. e4 Bb4 (4... Bc5 $5 5. Nxe5 Nxe5 6. d4 Bb4 7.
dxe5 Nxe4 8. Qd4 Nxc3 9. bxc3 Be7 10. Qg4 g6 11. Bh6 d6 $13 {Conquest,
S-Khalifman,A/Hastings9596/CBM51/INF65,25/}) 5. d3 d6 6. g3 O-O (6... Bc5 7.
Bg2 Nd4 8. Nxd4 Bxd4 9. Ne2 $5 Bb6 10. d4 exd4 11. Nxd4 Ng4 12. O-O Qf6 13. Nf5
Ne5 14. Ne3 c6 15. Rb1 O-O 16. b3 a5 17. h3 $14 {Bezman,V-Janovsky,S/Moscow3/
1995/EXP47/}) 7. Bg2 a6 $6 {Dieser Zug führt nur zu Tempoverlust. Schwarz
fürchtet, wenn er sofort 7...Bc5 spielt, den Zug 8.Na4. Aber diese Furcht ist
unbegründet, mit einem solchen Zug kann Weiss keinenVorteil erzielen. Deswegen
spielt der Anziehende auch fast nie Na4.} (7... Bc5 $5) 8. O-O Bc5 9. h3 h6 10.
Be3 $5 Be6 (10... Bxe3 $6 11. fxe3 $36 {Weiss hat gute Angriffchancen auf der
f-Linie.}) 11. b3 Nd7 12. d4 $1 exd4 13. Nxd4 Nxd4 14. Bxd4 Qg5 15. f4 Qf6 16.
Bxc5 Nxc5 17. Qd2 $14 {Weiss hat klaren Raumvorteil im Zentrum und seine
Figuren stehenn auch sehr günstig. Er kann jetzt in aller Ruhe seine Stellung
verstärken, ohne daß der Nachziehende Gegenspiel verfügt.} Rad8 18. Rfe1 c6 {
Schwarz will Nd5 verhindern, aber jetzt bleibt der d6-Bauer fuer ewig schwach.}
19. Rac1 Bc8 20. Red1 Rfe8 21. Qd4 $1 {Ein solider aber starker Plan; Weiss
will die Dame tauschen und dann seinen Druck gegen den d6-Bauern verstaerken.}
Qxd4+ 22. Rxd4 Kf8 23. Rcd1 Ke7 24. R4d2 a5 25. Kf2 Be6 26. f5 $5 {Weiss
gewinnt weiteren Raum, dafür überläßt er den e5-Punk seinem Gegner. Aber
Schwarz hat keine realistische Chancen, seinen Springer nach e5 zu führen.} Bc8
27. g4 $5 {/\ h4,h5} g5 $2 {In einer etwas unbequemen Stellung verliert
Schwarz die Geduld und strebt einer falschen Idee nach, bei der er einen
Bauern einbüßt.} (27... Rd7 $5) 28. e5 $1 {[#] Schwarz hat mit diesem
einfachen Zug nicht gerechnet.} Kf8 (28... dxe5 $2 29. f6+ $18) 29. exd6 Re5
30. Ne2 Bd7 (30... Ne4+ $2 31. Bxe4 Rxe4 32. d7 $18) 31. Ng3 f6 32. Bf3 Rde8
33. Re2 $1 {Weiss wird mit diesem Abtausch das schwarze Gegenspiel auf der
e-Linie verhindern.} Kf7 34. Rxe5 Rxe5 35. Ne2 h5 36. Nd4 h4 37. a3 $1 {
[#] Der Koenigfluegel ist eingefroren, und Weiss nutzt seine Bauernmerheit auf
dem restlichen Teil des Brettes aus.} Na6 38. Rb1 Nc5 39. Rd1 Na6 40. Rd2 Re8
41. Nc2 $1 {Weiss wird jetzt b4 durchsetzen.} Re5 42. b4 axb4 43. axb4 Ke8 44.
c5 $1 {Schwarz ist hilflos.} Kd8 45. Be2 Nxb4 46. Nxb4 Rxc5 47. Ke1 Be8 48. Nd3
$1 {A very useful move which not only brings the knight out to the kingside
but also lets it get at e4, from which it can attack the weak f-pawn.} Rc3 49.
Nf2 Re3 50. Rd3 Re5 51. Rd4 b5 52. Re4 Rd5 53. Re6 b4 54. Ne4 1-0

[Event "Sochi-B"]
[Site "Sochi"]
[Date "1989.??.??"]
[Round "?"]
[White "Khenkin, Igor"]
[Black "Yakovich, Yuri"]
[Result "1/2-1/2"]
[WhiteElo "2445"]
[BlackElo "2450"]
[Annotator "Ribli,Z"]
[PlyCount "160"]
[EventDate "1989.10.??"]
[EventType "tourn"]
[EventRounds "11"]
[EventCountry "URS"]
[EventCategory "7"]
[SourceTitle "CBM 016"]
[Source "ChessBase"]
[SourceDate "1990.06.01"]
[SourceVersion "1"]
[SourceVersionDate "1990.06.01"]
[SourceQuality "1"]

1. c4 e5 2. Nc3 Nf6 3. Nf3 Nc6 4. a3 d5 5. cxd5 Nxd5 6. Qc2 Nxc3 7. bxc3 Be7 (
7... Bd6 8. g3 $1 Qe7 9. d3 O-O 10. Bg2 Bd7 11. O-O Na5 12. Nd2 c5 13. Ne4 {
Vaganian-Chernin  URS 1988 36/27  +/=}) 8. g3 O-O 9. Bg2 Be6 10. Rb1 Rb8 11.
O-O f5 12. d3 Bf6 13. Rd1 Qe7 14. Nd2 Na5 15. c4 c5 16. Nb3 Nxb3 17. Rxb3 Qd7
18. Rb1 b6 19. a4 {+/=} Kh8 20. Bb2 Qd6 21. a5 Rbe8 22. axb6 axb6 23. Bc3 Bd7
24. Qb2 Rb8 25. Qa1 b5 26. cxb5 Bxb5 27. Rdc1 Rfe8 28. Qa5 Bd7 29. Rxb8 Rxb8
30. Bd2 Be7 31. Be3 Rc8 32. Bb7 Qc7 33. Qxc7 Rxc7 34. Bd5 Bc6 35. Be6 g6 36. f4
Bd7 37. Bxd7 Rxd7 38. Bxc5 Rc7 39. Be3 Rxc1+ 40. Bxc1 exf4 41. gxf4 Kg7 42. Kf2
Kf7 43. Ke3 Bf6 44. Kf3 Ke6 45. e4 Be7 46. h3 fxe4+ 47. Kxe4 Bd6 48. Be3 Be7
49. Bd4 Bb4 50. Be5 Be7 51. d4 Bd8 52. d5+ Kd7 53. Bc3 Be7 54. Bg7 Kd6 55. Be5+
Kd7 56. Bc3 Bc5 57. Bg7 Be7 58. Bd4 Kd6 59. Bb2 Kd7 60. Bc1 Bb4 61. Be3 Bf8 62.
Bd2 h5 63. Be3 Kd6 64. Bc1 Kd7 65. Bd2 Ba3 66. Be1 Bf8 67. Bf2 Bb4 68. Bg3 Bd6
69. Bh4 Bb4 70. Bf2 Ba3 71. Ke5 Bd6+ 72. Ke4 Ba3 73. Be1 Bc5 74. Bd2 Bf8 75. f5
gxf5+ 76. Kxf5 Bc5 77. Bf4 Bf2 78. Kg5 h4 79. Kg4 Be1 80. Bg5 Kd6 1/2-1/2